| 000 | 00480nam a2200145 a 4500 | ||
|---|---|---|---|
| 001 | 000029712 | ||
| 005 | 20200930055740.0 | ||
| 008 | 110425s1984 dr 000 0 spa d | ||
| 040 |
_aDO-SdBNP _bspa _cBNPHU |
||
| 100 | 1 |
_aGonzález Núñez, Juan Arístides _925175 |
|
| 245 | 1 | 0 |
_aVersos en homenaje a los pequeños limpiabotas de mi pueblo Moca / _cJuan Arístides González Núñez. |
| 260 |
_aSanto Domingo : _bEditora Angel, _c1984. |
||
| 300 |
_a4 p. ; _c22 cm. |
||
| 049 | _aBNPD | ||
| 999 |
_c29204 _d29204 |
||